| 000 | 01115nam a2200337 a 4500 | ||
|---|---|---|---|
| 001 | C01220037c-2 | ||
| 003 | CO-MdBIC | ||
| 005 | 20161108142021.0 | ||
| 008 | 091113s2009 ck aeo gr 00010dspa d | ||
| 020 | _a9789589884522 | ||
| 040 |
_aCO-BoBLA _bspa _cCO-MdBIC |
||
| 041 | _aspa | ||
| 084 | _aAr45c | ||
| 100 | 1 | _aAristizabal, Nora. | |
| 245 | 1 | 0 |
_aCalor de hogar : _bconstruccion, reparacion, decoracion / _ctextos Nora Aristizabal ; ilustraciones de Ani Velasquez. |
| 250 | _aEdición Lina Mejía Correa, Tita Maya. | ||
| 264 |
_aBogotá : _bFundación Secretos para Contar, _c2009. |
||
| 300 |
_a167 páginas : _bilustraciones, fotografías, planos ; _c27 cm. |
||
| 440 | 0 | _v2 | |
| 490 | _aSecretos para contar | ||
| 650 | 6 |
_aCasas _x Aspectos familiares. |
|
| 650 | 6 |
_aCasas _x Aspectos sociales. |
|
| 650 | 6 | _aVida en el campo. | |
| 650 |
_aFamilia _x Aspectos sociales. |
||
| 650 | _aRelaciones familiares. | ||
| 700 | 1 |
_aMejía Correa, Lina, _eEdición |
|
| 700 | 1 |
_aMaya, Tita, _eEdición |
|
| 700 | 1 |
_aVelásquez, Ani, _eIlustración |
|
| 942 | _cLGB | ||
| 999 |
_c63780 _d63780 |
||